Ash /

Gorde:
Xehetasun bibliografikoak
Egile nagusia: Lo, Malinda (Egilea)
Beste egile batzuk: La Peccerella, Veronica (Itzultzailea), Rinaldi, Giorgio (omonimi non identificati) (Itzultzailea)
Formatua: Liburua
Hizkuntza:italiera
Argitaratua: Roma : Elliot, 2010
Saila:Scatti
Etiketak: Etiketa erantsi
Etiketarik gabe, Izan zaitez lehena erregistro honi etiketa jartzen!

MARC

LEADER 00000nam a22000007i 4500
001 IT\ICCU\LO1\1292515
003 ItRI
005 20260115232123.0
008 100304s2010 it |||||| ||||| |||||c
020 |a 9788861921092 
040 |b ita  |c importazione bologna sebina 
041 7 |a ita  |2 ISO-639-2 
082 |a 813  |9 NARRATIVA AMERICANA IN LINGUA INGLESE  |2 12 
100 1 |a Lo, Malinda  |0 IT\ICCU\LO1V\367335  |4 aut 
240 1 0 |a Ash.  |3 IT\ICCU\TO0\1766081  |9 Lo, Malinda 
245 1 0 |a Ash /  |c Malinda Lo ; traduzione di Veronica La Peccerella e Giorgio Rinaldi. 
260 |a Roma :  |b Elliot,  |c 2010 
300 |a 227 p. ;  |c 21 cm. 
700 1 |a La Peccerella, Veronica  |0 IT\ICCU\LO1V\367336  |4 trl 
700 1 |a Rinaldi, Giorgio  |c  (omonimi non identificati)  |0 IT\ICCU\CFIV\010326  |4 trl 
830 0 |a Scatti  |0 IT\ICCU\MOD\1399300 
942 |2 ddc  |c BK  |n 0 
952 |0 0  |1 0  |4 0  |6 L_813_600000000000000_LO  |7 0  |9 20408  |a BO  |b BO  |d 2026-01-15  |i 13936  |l 0  |o L 813.6 LO  |p BO13936  |r 2026-01-15 23:21:23  |w 2026-01-15  |x [Sebina 5] [1 v.]  |y BK  |z 1 v. 
999 |c 17415  |d 17415